000
00341nam a22001217a 4500
040
_c
HS
082
_a
630
100
_a
សាន សុគន្ធា
245
_a
Agircultural extension ការផ្សព្វផ្សាយកសិកម្ម
260
_a
RUA
_b
សាន សុគន្ធា
_c
NA
300
_a
147p;
942
_c
KB
999
_c
9746
_d
9746